000 01205nam a22003377a 4500
003 CHAP
005 20220329143205.0
008 061206d2006 mx r 00110 eng d
010 _a93113
011 _a94085
020 _a9706481419
035 _a104669
040 _cCHAP
090 _aFolleto 17170
100 1 _aLilja, Nina
_966773
245 1 0 _aAnalysis of participatory research projects :
_bin the International Maize and Wheat Improvement Center
_c/by Nina Lilja and Mauricio Bellon
260 _aMéxico, D. F. :
_bInternational Maize and Wheat Improvement Center,
_c2006.
300 _a34 p.
590 _aBATCH-UPD
_b10
_c20130110
_lUCH01
_h0516
590 _aBATCH-UPD
_b10
_c20130410
_lUCH01
_h0155
590 _aCONVERSION
_b10
_c20130109
_lUCH01
_h1352
650 1 4 _aAgricultura
_xInvestigacion
_xCostos.
_91608
650 1 4 _aAnalisis de costos y beneficio.
_95966
700 0 _aBellon, Mauricio R.
_911414
901 _aBK
905 _aLilia
942 _cFOLL
949 _aFolleto 17170
_bBC
_cFOLL
_d33724002011256
_eTS2
_fc.2
_i104669
_sb
949 _aFolleto 17170
_bBC
_cFOLL
_d33724002011371
_eTS1
_i104669
_sb
949 _aFolleto 17170
_bBC
_cFOLL
_d33724002011413
_eTS2
_fc.3
_i104669
_sb
999 _c93113
_d93113